US State Anagrams - Statistics

General Stats
  • This quiz has been taken 376 times
  • The average score is 13 of 20
Answer Stats
Hint Answer % Correct
No ogre Oregon
91%
I iron a calf California
90%
Ant moon Montana
80%
Loco road Colorado
78%
DEA* van Nevada
78%
On my wig Wyoming
77%
Teen sense Tennessee
75%
Cows in sin Wisconsin
72%
Rod fail Florida
71%
Rye wonk New York
66%
I go rage Georgia
63%
Drank a tooth North Dakota
59%
Bean arks Nebraska
58%
Had to ask out South Dakota
56%
Ham icing Michigan
55%
I oil sauna Louisiana
52%
No inmates Minnesota
51%
Hip name shrew New Hampshire
48%
Navy sin panel Pennsylvania
43%
Iran ranch tool North Carolina
33%
No matching quizzes found
Score Distribution
Percent of People with Each Score
Percentile by Number Answered
Your Score History
You have not taken this quiz